Statistics for 上海金山线地铁站

Click here to take the quiz!

General Stats

  • This quiz has been taken 115 times
  • The average score is 7 of 8

Answer Stats

金山线地铁站% Correct
上海南站
100%
金山卫
98%
春申
89%
金山园区
88%
亭林
87%
叶榭
86%
车墩
84%
新桥
83%

Score Distribution

Percentile by Number Answered

Percent of People with Each Score

Your Score History

You have not taken this quiz